| 000 | 00471nam a2200169Ia 4500 | ||
|---|---|---|---|
| 999 |
_c26483 _d26483 |
||
| 003 | OSt | ||
| 005 | 20201204124038.0 | ||
| 008 | 190216s9999||||xx |||||||||||||| ||und|| | ||
| 040 | _coclc | ||
| 082 |
_a894.8123 _bKUN/K |
||
| 100 |
_a Kunhabdulla, Punathil _96411 |
||
| 245 | 0 |
_aKhalifa / _cPunathil Kunhabdulla |
|
| 260 |
_bD C Books, _aKottayam: _c1989. |
||
| 300 | _a64p | ||
| 650 | _aNovel | ||
| 942 |
_cBK _2ddc _h894.8123 _iKUN/K _k894.8123 _mKUN/K |
||